000 00768nam a22002417a 4500
005 20250903112443.0
008 250814b |||||||| |||| 00| 0 eng d
020 _a978-1-118-34464-4 (pbk)
037 _cREF
040 _aCL
_cCL
041 _2ENG
_aENG
084 _aS82g Q3
_qCL
100 _aBray, James H.
_9247597
245 _aWiley blackwell handbook of family psychology
260 _aMalden, U.S.A:
_bWiley Blackwell,
_c2013
300 _axvi, 768p.
365 _b3280.46
_cINR
650 _2PSYCHOLOGY
700 _aBray, James H.
_eEditor
_9247597
700 _aStnton, Mark
_eEditor
_9817904
942 _2CC
_cREF
_hS82g Q3
_n0
999 _c1434768
_d1434768